Random monarchs per century by picture - Statistics

General Stats
  • This quiz has been taken 8 times
  • The average score is 8 of 12
Answer Stats
Picture Hint Answer % Correct
18th cetury Catherine the great
100%
13th century Genghis Khan
100%
20th century Hirohito
100%
17th century Louis XIV
83%
16th century Suleiman the magnificent
83%
11th century William the conqueror
83%
14th century Mansa Musa
67%
10th century Otto the great
50%
19th century Pedro II of Brazil
50%
15th century Isabella I of Castile
33%
12th century Saladin
33%
21st century Frederik X
17%
No matching quizzes found
Score Distribution
Percent of People with Each Score
Percentile by Number Answered
Your Score History
You have not taken this quiz